000 00610nam a2200229Ia 4500
003 OSt
005 20220918174434.0
006 a|||||r|||| 00| 0
007 ta
008 220917b |||||||| |||| 00| 0 eng d
024 _a12,157
037 _cTextual
040 _aARTS
_cARTS
_beng
041 _2eng
_aeng
082 _a/\2y7N31, L9.1
100 _aRajneesh Bhagwan Shree
_945028
245 0 _aTake it essay
260 _aPoona
_bRajneesh Foundation
_c1979
650 _aSPIRITUALISM
942 _h/\2y7N31, L9.1
_cTEXL
_2CC
999 _c153204
_d153204